[Event "XXI Weekend B"]
[Site "Ceriano Laghetto ITA"]
[Date "2012.03.??"]
[Round "2"]
[White "Miracola, Giorgia"]
[Black "Caldarola, Stefano"]
[WhiteElo "1796"]
[BlackElo "1851"]
[Result "1/2-1/2"]
[PlyCount "70"]
[EventDate "2012.03.23"]

1. e4 d5 2. exd5 Qxd5 3. Nc3 Qd6 4. Nf3 Nf6 5. Be2 c6 6. d4 Bf5 7. O-O Nbd7 8.
g3 e6 9. Bf4 Qb4 10. Rb1 Qa5 11. a3 Qd8 12. Re1 Be7 13. Nh4 Bg6 14. Nxg6 hxg6
15. Bf3 O-O 16. b4 Nd5 17. Nxd5 cxd5 18. c4 Nb6 19. c5 Nc4 20. Qb3 Bg5 21. Bxg5
Qxg5 22. Rbd1 b5 23. Be2 Rfd8 24. Qc3 Rd7 25. a4 a6 26. axb5 axb5 27. Ra1 Qd8
28. Red1 Rda7 29. Rxa7 Rxa7 30. Ra1 Qa8 31. Rxa7 Qxa7 32. h4 Kf8 33. Kg2 Ke7
34. Bxc4 dxc4 35. d5 Qb7 1/2-1/2

[Event "XXI Weekend B"]
[Site "Ceriano Laghetto ITA"]
[Date "2012.03.??"]
[Round "2"]
[White "Pedemonte, Claudio"]
[Black "Berardi, Alessandro"]
[WhiteElo "1851"]
[BlackElo "1604"]
[Result "0-1"]
[PlyCount "57"]
[EventDate "2012.03.23"]

1. c4 Nf6 2. Nc3 d5 3. cxd5 c6 4. dxc6 Nxc6 5. g3 e5 6. Bg2 Bf5 7. d3 Bc5 8.
Bg5 Bxf2+ 9. Kf1 Bd4 10. Qb3 Rb8 11. Nd5 Be6 12. Bxf6 gxf6 13. Rc1 O-O 14. Nh3
Kg7 15. Re1 Ne7 16. e4 Qd7 17. Ke2 Nxd5 18. exd5 Bxh3 19. Bf3 Bg4 20. Rhf1 Rfe8
21. d6 Bxf3+ 22. Rxf3 Qxd6 23. Ref1 Qe6 24. Qb5 Qc6 25. Qb3 Re6 26. Kd2 Rc8 27.
Qd1 Qb6 28. b3 Qb4+ 29. Ke2 0-1

[Event "XXI Weekend B"]
[Site "Ceriano Laghetto ITA"]
[Date "2012.03.??"]
[Round "2"]
[White "Recanatini, Italo"]
[Black "Carbone, Lorenzo"]
[WhiteElo "1810"]
[BlackElo "1706"]
[Result "1-0"]
[PlyCount "101"]
[EventDate "2012.03.23"]

1. e4 c5 2. Nf3 d6 3. c3 Nc6 4. d4 cxd4 5. cxd4 e5 6. d5 Nce7 7. Bb5+ Bd7 8.
Qa4 Nf6 9. Nc3 a6 10. Bxd7+ Qxd7 11. Qxd7+ Nxd7 12. Be3 b5 13. b4 Ng6 14. Rc1
Rc8 15. Ne2 Rxc1+ 16. Nxc1 Be7 17. Nb3 Bd8 18. Ke2 O-O 19. Rc1 Ne7 20. Nfd2 f5
21. f3 f4 22. Bf2 g5 23. g4 Kg7 24. h4 h6 25. h5 Rf7 26. Nb1 Kf8 27. Nc3 Bb6
28. a4 Bxf2 29. Kxf2 bxa4 30. Nxa4 Ke8 31. Na5 Rf6 32. Nc6 Nc8 33. Nb8 Kd8 34.
Nxd7 Kxd7 35. Rc6 Rf8 36. Rxa6 Kc7 37. Rc6+ Kb7 38. Nc3 Rf7 39. Nb5 Rd7 40. Ke2
Rd8 41. Kd3 Rd7 42. Kc2 Rd8 43. Kb3 Rd7 44. Ka4 Rd8 45. Rc7+ Ka6 46. Nc3 Nb6+
47. Kb3 Nd7 48. Rc6+ Kb7 49. Rxd6 Kc8 50. Rxh6 Rg8 51. Rg6 1-0

[Event "XXI Weekend B"]
[Site "Ceriano Laghetto ITA"]
[Date "2012.03.??"]
[Round "2"]
[White "Regorda, Vittorio"]
[Black "Lancianese, Giuseppe"]
[WhiteElo "1843"]
[BlackElo "1719"]
[Result "1/2-1/2"]
[PlyCount "80"]
[EventDate "2012.03.23"]

1. d4 d5 2. c4 c6 3. Nf3 Nf6 4. g3 Bf5 5. Nbd2 e6 6. Bg2 Nbd7 7. O-O Be7 8. b3
O-O 9. Bb2 h6 10. Ne5 Ng4 11. Nxd7 Qxd7 12. c5 Nf6 13. b4 a5 14. a3 axb4 15.
axb4 Qc7 16. Qb3 b5 17. e3 Bg6 18. e4 Qb7 19. e5 Nd7 20. f4 Rxa1 21. Bxa1 Ra8
22. Bb2 Ra6 23. Ra1 Qa7 24. Rxa6 Qxa6 25. Qa3 Qxa3 26. Bxa3 Kf8 27. Kf2 Ke8 28.
Ke3 Bc2 29. Nf3 f5 30. h4 Kf7 31. Ne1 Be4 32. Bf3 Bxf3 33. Nxf3 Kg6 34. Nd2 Kh5
35. Kf3 Bd8 36. Bb2 Nb8 37. Bc3 Kg6 38. Nf1 Kh5 39. Be1 Nd7 40. Nd2 Nb8 1/2-1/2

[Event "XXI Weekend B"]
[Site "Ceriano Laghetto ITA"]
[Date "2012.03.??"]
[Round "2"]
[White "Rossi, Giampiero"]
[Black "Montilli, Vincenzo"]
[WhiteElo "1896"]
[BlackElo "1813"]
[Result "0-1"]
[PlyCount "88"]
[EventDate "2012.03.23"]

1. d4 Nf6 2. c4 g6 3. g3 Bg7 4. Bg2 d6 5. Nc3 O-O 6. Nf3 c6 7. O-O Qc7 8. Qc2
e5 9. Rd1 Nbd7 10. b3 Nh5 11. Ba3 exd4 12. Nxd4 Nc5 13. Rac1 Re8 14. e3 Bd7 15.
Bb2 Nf6 16. Qb1 Rad8 17. Qa1 a5 18. Rd2 Bc8 19. Rcd1 Bg4 20. Bf3 h5 21. Kg2 Qc8
22. Bxg4 Qxg4 23. Nf3 Qe6 24. h3 Rd7 25. Ng5 Qe7 26. h4 Bh6 27. Ne2 Bxg5 28.
hxg5 Nfe4 29. Bh8 Qf8 30. Rd4 Nxg5 31. Rxd6 Rxd6 32. Rxd6 Kh7 33. Be5 Qe7 34.
f4 Nge4 35. Rd1 f6 36. Bd4 Kg7 37. Nc3 Kf7 38. Qc1 Qe6 39. Qc2 h4 40. Bxc5 Nxc5
41. Re1 Qg4 42. Qf2 Nd3 43. Qe2 Qxg3+ 44. Kf1 Qxe1+ 0-1

[Event "XXI Weekend B"]
[Site "Ceriano Laghetto ITA"]
[Date "2012.03.??"]
[Round "2"]
[White "Tagliaferri, Valerio"]
[Black "Arruzza, Francesco"]
[WhiteElo "1851"]
[BlackElo "1830"]
[Result "0-1"]
[PlyCount "120"]
[EventDate "2012.03.23"]

1. e4 Nf6 2. e5 Nd5 3. d4 d6 4. c4 Nb6 5. exd6 cxd6 6. Be3 g6 7. Be2 Bg7 8. Nc3
O-O 9. Rc1 Nc6 10. Nf3 Bg4 11. b3 d5 12. c5 Nc8 13. h3 Bxf3 14. Bxf3 e6 15. Qd2
N8e7 16. g4 b6 17. Ne2 bxc5 18. Rxc5 Qb6 19. O-O a5 20. Rfc1 a4 21. bxa4 Rxa4
22. Nc3 Nxd4 23. Nxa4 Nxf3+ 24. Kg2 Qa6 25. Qa5 Qe2 26. Qb5 Nh4+ 27. Kg1 Qf3
28. Qf1 d4 29. Bg5 Bf6 30. Bxf6 Qxf6 31. f4 Nd5 32. Qf2 Nxf4 33. Kh2 g5 34. Rf1
Rd8 35. Rxg5+ Qxg5 36. Qxf4 Qxf4+ 37. Rxf4 e5 38. Rf1 Ra8 39. Nc5 Rxa2+ 40. Kg3
Ng6 41. Ne4 Ra3+ 42. Rf3 Rxf3+ 43. Kxf3 Kg7 44. g5 Nf4 45. h4 h6 46. Kg4 hxg5
47. Kxg5 d3 48. h5 f6+ 49. Nxf6 d2 50. h6+ Kh8 51. Kf5 d1=Q 52. Kxe5 Ng6+ 53.
Kf5 Qd3+ 54. Kg4 Ne5+ 55. Kf4 Nf7 56. Ng4 Qd2+ 57. Ke4 Nxh6 58. Ne5 Kg7 59. Nf3
Qc2+ 60. Ke3 Nf5+ 0-1

[Event "XXI Weekend B"]
[Site "Ceriano Laghetto ITA"]
[Date "2012.03.??"]
[Round "2"]
[White "Turchi, Alessandro"]
[Black "Poletto, Daniele"]
[WhiteElo "1697"]
[BlackElo "1752"]
[Result "1-0"]
[PlyCount "69"]
[EventDate "2012.03.23"]

1. d4 Nf6 2. c4 g6 3. Nf3 Bg7 4. Nc3 d6 5. e4 O-O 6. Bg5 Nbd7 7. Be2 c6 8. O-O
e5 9. d5 c5 10. a4 a6 11. a5 h6 12. Bd2 Kh7 13. Qc2 Ng8 14. Rfb1 Ne7 15. b4
cxb4 16. Rxb4 Nc5 17. Rb6 f5 18. Be3 fxe4 19. Nxe4 Nxe4 20. Qxe4 Nf5 21. Rc1
Nxe3 22. Qxe3 Qe7 23. c5 e4 24. cxd6 Qd8 25. Nd2 Qh4 26. Rc7 Kg8 27. Nb3 Rf5
28. Qc5 Rf8 29. Re7 Bf6 30. Bc4 Bxe7 31. dxe7 Re8 32. d6+ Kg7 33. Qd5 h5 34.
Qf7+ Kh6 35. d7 1-0

[Event "XXI Weekend B"]
[Site "Ceriano Laghetto ITA"]
[Date "2012.03.??"]
[Round "3"]
[White "Adami, Alessandro"]
[Black "Tagliaferri, Valerio"]
[WhiteElo "1727"]
[BlackElo "1851"]
[Result "1/2-1/2"]
[PlyCount "105"]
[EventDate "2012.03.23"]

1. e4 e6 2. d4 d5 3. exd5 exd5 4. Bd3 Nf6 5. h3 Bd6 6. Qf3 Be6 7. Bf4 Nc6 8. c3
Ne7 9. Bxd6 Qxd6 10. Ne2 Ng6 11. O-O O-O 12. Qg3 Qb6 13. b4 a5 14. b5 c6 15. a4
cxb5 16. Bxb5 Ne4 17. Qe3 Nd6 18. Na3 Rac8 19. Rfc1 Qd8 20. Rc2 Bd7 21. Bxd7
Qxd7 22. Nb1 Qf5 23. Qc1 Nc4 24. Nd2 Rfe8 25. Nxc4 Rxc4 26. Qd2 Rec8 27. Ng3
Qd7 28. Nf1 Rxa4 29. Rxa4 Qxa4 30. Ra2 Qb5 31. Ne3 b6 32. Rb2 Qc6 33. Rc2 b5
34. Rb2 a4 35. Qe2 a3 36. Rb3 Ra8 37. Qa2 Nf4 38. Rxa3 Rxa3 39. Qxa3 Ne2+ 40.
Kh2 Nxc3 41. Qa5 Qc8 42. Nf5 Qb8+ 43. g3 b4 44. Ne7+ Kh8 45. Nxd5 Nxd5 46. Qxd5
b3 47. Qe4 b2 48. Qb1 Qb6 49. Kg1 Qxd4 50. Kg2 Qc3 51. Qa2 g6 52. Qxf7 Qc6+ 53.
Kh2 1/2-1/2

[Event "XXI Weekend B"]
[Site "Ceriano Laghetto ITA"]
[Date "2012.03.??"]
[Round "3"]
[White "Adami, Antonio"]
[Black "Brioschi, Camillo"]
[WhiteElo "1705"]
[BlackElo "1839"]
[Result "1-0"]
[PlyCount "91"]
[EventDate "2012.03.23"]

1. e4 e5 2. d4 exd4 3. Qxd4 Nc6 4. Qe3 Nf6 5. Nc3 Bb4 6. Bd2 O-O 7. O-O-O d6 8.
Bc4 Bc5 9. Qg3 Nh5 10. Qf3 Qh4 11. Be2 Nf6 12. g3 Qg4 13. Qg2 Qe6 14. f4 Qe7
15. h3 Re8 16. Bf3 Nd4 17. Re1 Bd7 18. e5 Nxf3 19. Nxf3 Bc6 20. exf6 Qxf6 21.
Rxe8+ Rxe8 22. Rd1 Be3 23. Qf1 h6 24. Re1 Bxf3 25. Rxe3 Rxe3 26. Bxe3 Bc6 27.
Bd2 Qe6 28. g4 f5 29. Qe1 Qd7 30. Qe2 fxg4 31. Qxg4 Qf7 32. b3 b5 33. Ne2 Bd7
34. Qf3 d5 35. h4 c5 36. Qe3 d4 37. Qe5 Qf5 38. Qxf5 Bxf5 39. Ng3 Be6 40. Ne4
c4 41. Nd6 a6 42. Be1 Kf8 43. Bf2 Ke7 44. Ne4 d3 45. Nc5 Bc8 46. cxd3 1-0

[Event "XXI Weekend B"]
[Site "Ceriano Laghetto ITA"]
[Date "2012.03.??"]
[Round "3"]
[White "Arruzza, Francesco"]
[Black "Merlotti, Marco"]
[WhiteElo "1830"]
[BlackElo "1734"]
[Result "1/2-1/2"]
[PlyCount "65"]
[EventDate "2012.03.23"]

1. e4 e5 2. Nf3 Nc6 3. Nc3 Nf6 4. d4 exd4 5. Nxd4 Bb4 6. Nxc6 bxc6 7. Bd3 O-O
8. O-O d5 9. exd5 cxd5 10. Bg5 c6 11. Qf3 Re8 12. Bxf6 Qxf6 13. Qxf6 gxf6 14.
Ne2 Bd6 15. c4 Ba6 16. b3 dxc4 17. bxc4 Be5 18. Rac1 Rad8 19. Rfd1 c5 20. Ng3
Bxg3 21. hxg3 Rd4 22. Bf1 Red8 23. Rxd4 Rxd4 24. Rc2 Kg7 25. f3 Kg6 26. Be2 h5
27. Kf2 f5 28. Ke3 Kg5 29. f4+ Kg6 30. Rc3 Re4+ 31. Kf2 Rd4 32. Bd3 h4 33. Be2
1/2-1/2

[Event "XXI Weekend B"]
[Site "Ceriano Laghetto ITA"]
[Date "2012.03.??"]
[Round "3"]
[White "Berardi, Alessandro"]
[Black "Recanatini, Italo"]
[WhiteElo "1604"]
[BlackElo "1810"]
[Result "0-1"]
[PlyCount "118"]
[EventDate "2012.03.23"]

1. e4 e5 2. Nf3 Nc6 3. Bb5 a6 4. Ba4 Nf6 5. O-O b5 6. Bb3 Be7 7. Re1 d6 8. c3
Na5 9. Bc2 c5 10. d4 Nc6 11. dxc5 dxc5 12. Qxd8+ Bxd8 13. Be3 Be7 14. Nbd2 c4
15. a4 Bb7 16. h3 O-O 17. Nb1 h6 18. Na3 Bxa3 19. Rxa3 b4 20. cxb4 Nxb4 21. Bb1
Rfe8 22. Bd2 Nd3 23. Bxd3 cxd3 24. Rxd3 Bxe4 25. Rde3 Bxf3 26. gxf3 Nd7 27. Bc3
Nc5 28. a5 f6 29. f4 e4 30. f3 Nd3 31. Rd1 Nxf4 32. fxe4 Rad8 33. Rf1 Rd3 34.
Rff3 Rxe3 35. Rxe3 Nd5 36. Re1 Nxc3 37. bxc3 Re5 38. Ra1 Rxe4 39. Kf2 Rc4 40.
Ra3 Kf7 41. Ke3 Ke6 42. Rb3 Kd5 43. Kd3 Ra4 44. Rb7 Rxa5 45. Rxg7 Kd6 46. Kc4
Rh5 47. Ra7 Rxh3 48. Rxa6+ Ke5 49. Kb4 Rh1 50. Kc5 h5 51. Ra8 h4 52. Rc8 Kf4
53. Kd6 Rd1+ 54. Kc5 h3 55. Rh8 Rd3 56. Kc4 Rg3 57. Rh4+ Kf3 58. Rh6 f5 59. Rf6
Kg4 0-1

[Event "XXI Weekend B"]
[Site "Ceriano Laghetto ITA"]
[Date "2012.03.??"]
[Round "3"]
[White "Burani, Eugenio"]
[Black "Giovarruscio, Gabriele"]
[WhiteElo "1879"]
[BlackElo "1722"]
[Result "1/2-1/2"]
[PlyCount "100"]
[EventDate "2012.03.23"]

1. e4 c6 2. d4 d5 3. Nc3 dxe4 4. Nxe4 Bf5 5. Ng3 Bg6 6. h4 h6 7. Nf3 Nd7 8. h5
Bh7 9. Bd3 Bxd3 10. Qxd3 e6 11. c3 Ngf6 12. Bd2 Be7 13. O-O-O O-O 14. Ne4 Nxe4
15. Qxe4 Nf6 16. Qe2 Qd5 17. c4 Qe4 18. Rde1 Qxe2 19. Rxe2 b5 20. Ne5 Rfc8 21.
c5 a5 22. g4 Rc7 23. g5 hxg5 24. Bxg5 Nd5 25. Bxe7 Nxe7 26. h6 gxh6 27. f4 Nf5
28. Rg2+ Kf8 29. Ng4 Rd8 30. Nxh6 Nxh6 31. Rxh6 Rxd4 32. f5 exf5 33. Rf6 Rc4+
34. Rc2 Rxc2+ 35. Kxc2 Ke7 36. Rxf5 Ke6 37. Rh5 Rd7 38. Kc3 Rd5 39. Rh6+ f6 40.
b4 axb4+ 41. Kxb4 Rf5 42. Rh7 Rf4+ 43. Ka5 Ra4+ 44. Kb6 Rxa2 45. Kxc6 b4 46.
Rb7 Rb2 47. Kb5 b3 48. Kc4 Rc2+ 49. Kd4 b2 50. Rb6+ Ke7 1/2-1/2

[Event "XXI Weekend B"]
[Site "Ceriano Laghetto ITA"]
[Date "2012.03.??"]
[Round "3"]
[White "Caldarola, Stefano"]
[Black "Rossi, Giampiero"]
[WhiteElo "1851"]
[BlackElo "1896"]
[Result "0-1"]
[PlyCount "70"]
[EventDate "2012.03.23"]

1. d4 d5 2. c4 e6 3. Nf3 c6 4. g3 Nf6 5. Bg2 Be7 6. O-O Nbd7 7. Nbd2 O-O 8. Qc2
b6 9. e4 Bb7 10. e5 Ne8 11. Rd1 Rc8 12. h4 Qc7 13. Nf1 g6 14. h5 Ng7 15. hxg6
hxg6 16. Bh6 Rfd8 17. N1h2 c5 18. Ng4 cxd4 19. Qd2 Nf5 20. Bg5 dxc4 21. Bxe7
Nxe7 22. Nh6+ Kg7 23. Nxf7 Rg8 24. N3g5 Nc5 25. Bxb7 Qxb7 26. Nd6 Qc6 27. Ngf7
Rh8 28. Nxh8 Rxh8 29. f3 Qxf3 30. Qg2 Qe3+ 31. Qf2 Rh1+ 32. Kxh1 Qxf2 33. Rf1
Qxg3 34. Rf7+ Kh6 35. Raf1 Qg5 0-1

[Event "XXI Weekend B"]
[Site "Ceriano Laghetto ITA"]
[Date "2012.03.??"]
[Round "3"]
[White "Carbone, Lorenzo"]
[Black "Lancianese, Giuseppe"]
[WhiteElo "1706"]
[BlackElo "1719"]
[Result "1-0"]
[PlyCount "57"]
[EventDate "2012.03.23"]

1. e4 d5 2. exd5 Nf6 3. d4 Nxd5 4. Nf3 Bg4 5. h3 Bh5 6. g4 Bg6 7. Be2 e6 8. a3
Be7 9. Ne5 Nd7 10. Nxg6 hxg6 11. Bf3 c6 12. c4 N5b6 13. Qb3 Qc7 14. c5 Nd5 15.
Bxd5 exd5 16. Be3 Nf6 17. Qc2 Ne4 18. Nd2 Nxd2 19. Qxd2 O-O 20. O-O-O b5 21. h4
f6 22. h5 g5 23. Qd3 Bd8 24. h6 Qf7 25. hxg7 Qxg7 26. Qf5 Bc7 27. Rh5 Rf7 28.
Rdh1 Raf8 29. Rh6 1-0

[Event "XXI Weekend B"]
[Site "Ceriano Laghetto ITA"]
[Date "2012.03.??"]
[Round "3"]
[White "Falchi, Claudio"]
[Black "Mason, Giovanni"]
[WhiteElo "1887"]
[BlackElo "1673"]
[Result "1-0"]
[PlyCount "32"]
[EventDate "2012.03.23"]

1. e4 c5 2. Nc3 Nc6 3. g3 g6 4. Bg2 Bg7 5. d3 d6 6. f4 Bxc3+ 7. bxc3 e5 8. Nh3
Bxh3 9. Bxh3 d5 10. exd5 Qxd5 11. O-O Nge7 12. Bg2 Qd7 13. fxe5 O-O 14. Ba3
Rfe8 15. Rf4 Nd5 16. Qf3 Nxc3 1-0

[Event "XXI Weekend B"]
[Site "Ceriano Laghetto ITA"]
[Date "2012.03.??"]
[Round "3"]
[White "Manca, Renato"]
[Black "Poletto, Daniele"]
[WhiteElo "1701"]
[BlackElo "1752"]
[Result "1-0"]
[PlyCount "75"]
[EventDate "2012.03.23"]

1. e4 c5 2. Nf3 e6 3. d4 cxd4 4. c3 Nf6 5. e5 Nd5 6. Nxd4 g6 7. Nd2 Nc6 8. Nc4
Nxd4 9. Qxd4 Rg8 10. h4 b5 11. Bg5 Qc7 12. Nd6+ Bxd6 13. exd6 Qxd6 14. Bxb5 Qb6
15. Qa4 f6 16. Bd2 Nc7 17. Bc4 Ba6 18. O-O Bxc4 19. Qxc4 Qc6 20. Qe2 Rb8 21. b3
Nb5 22. Qe3 Qb6 23. Qh6 Kf7 24. Be3 Qc6 25. h5 Rg7 26. hxg6+ hxg6 27. Qf4 e5
28. Qh4 Nxc3 29. Rfe1 Nb5 30. Rac1 Qe6 31. f4 d6 32. a4 Na3 33. fxe5 dxe5 34.
Rc7+ Kg8 35. Rxg7+ Kxg7 36. Qh6+ Kg8 37. Qxg6+ Kh8 38. Kf2 1-0

[Event "XXI Weekend B"]
[Site "Ceriano Laghetto ITA"]
[Date "2012.03.??"]
[Round "3"]
[White "Montilli, Vincenzo"]
[Black "Coppola, Federico"]
[WhiteElo "1813"]
[BlackElo "1825"]
[Result "1/2-1/2"]
[PlyCount "87"]
[EventDate "2012.03.23"]

1. d4 c5 2. d5 e6 3. c4 exd5 4. cxd5 d6 5. Nc3 Nf6 6. e4 g6 7. h3 Bg7 8. Nf3
O-O 9. Bd3 b5 10. Nxb5 Re8 11. Nc3 Nxe4 12. Nxe4 f5 13. Nfd2 fxe4 14. Nxe4 c4
15. Bc2 Qa5+ 16. Kf1 c3 17. bxc3 Bf5 18. f3 Bxe4 19. Bxe4 Qxc3 20. Rb1 Nd7 21.
Qb3 Qc7 22. Be3 Nf6 23. Rc1 Qf7 24. Kg1 Nxe4 25. fxe4 Rxe4 26. Bf2 Re2 27. Bg3
Rae8 28. Rf1 Qe7 29. Qb4 Qe3+ 30. Kh2 Be5 31. Qg4 Bxg3+ 32. Qxg3 Qxg3+ 33. Kxg3
R8e3+ 34. Kh2 Rd3 35. Rb1 Rxd5 36. Rb8+ Kg7 37. Rb7+ Kf6 38. Rxa7 Rdd2 39. Rg1
d5 40. a4 d4 41. a5 d3 42. a6 Ra2 43. Rd7 d2 44. a7 1/2-1/2

[Event "XXI Weekend B"]
[Site "Ceriano Laghetto ITA"]
[Date "2012.03.??"]
[Round "3"]
[White "Moroni, Luca"]
[Black "Miracola, Giorgia"]
[WhiteElo "1801"]
[BlackElo "1796"]
[Result "1/2-1/2"]
[PlyCount "47"]
[EventDate "2012.03.23"]

1. Nf3 d5 2. d4 Nf6 3. Bf4 c5 4. e3 Nc6 5. c3 Qb6 6. Qb3 c4 7. Qxb6 axb6 8.
Nbd2 h6 9. Be2 Bf5 10. h3 e6 11. Ne5 Be7 12. O-O O-O 13. Bf3 Ra6 14. Rfe1 Rfa8
15. a3 Nxe5 16. Bxe5 Nd7 17. Bg3 Bd3 18. e4 dxe4 19. Bxe4 Bxe4 20. Nxe4 b5 21.
Rac1 Nb6 22. Bf4 Nd5 23. Bh2 Rc6 24. Be5 1/2-1/2

[Event "XXI Weekend B"]
[Site "Ceriano Laghetto ITA"]
[Date "2012.03.??"]
[Round "3"]
[White "Origgio, Stefano"]
[Black "Colombo, Luca"]
[WhiteElo "1716"]
[BlackElo "1887"]
[Result "1/2-1/2"]
[PlyCount "77"]
[EventDate "2012.03.23"]

1. d4 Nf6 2. c4 e5 3. dxe5 Ng4 4. Nf3 Bc5 5. e3 Nc6 6. Be2 O-O 7. Nc3 Ngxe5 8.
b3 Nxf3+ 9. Bxf3 Ne5 10. Bb2 Nxf3+ 11. Qxf3 Re8 12. O-O Re6 13. Nd5 a5 14. a4
c6 15. Nf4 Rh6 16. Rad1 d6 17. Qg3 f6 18. e4 Qe7 19. Rfe1 Bd7 20. Bd4 Bxd4 21.
Rxd4 f5 22. f3 Re8 23. Rdd1 Qe5 24. Qg5 fxe4 25. Qxe5 Rxe5 26. Rxe4 Rxe4 27.
fxe4 g5 28. Nd3 Kf7 29. h3 Re6 30. Nc5 dxc5 31. Rxd7+ Re7 32. Rxe7+ Kxe7 33.
Kf2 Ke6 34. Ke3 Ke5 35. g3 h6 36. Kf3 h5 37. Ke3 g4 38. hxg4 hxg4 39. Kd3
1/2-1/2

[Event "XXI Weekend B"]
[Site "Ceriano Laghetto ITA"]
[Date "2012.03.??"]
[Round "3"]
[White "Ruo, Andrea"]
[Black "Napoli, Ferdinando"]
[WhiteElo "1638"]
[BlackElo "1724"]
[Result "1/2-1/2"]
[PlyCount "75"]
[EventDate "2012.03.23"]

1. d4 Nf6 2. c4 g6 3. Nc3 Bg7 4. e4 O-O 5. Nf3 d6 6. Be2 e5 7. O-O Nc6 8. d5
Ne7 9. Ne1 Ne8 10. Nd3 f5 11. f3 f4 12. Bd2 g5 13. b4 Nf6 14. c5 h5 15. Rc1 Ng6
16. h3 Bh6 17. a4 Rf7 18. Nf2 Rg7 19. Qc2 Nh4 20. Qd1 Kh7 21. cxd6 cxd6 22. Nb5
a6 23. Na3 g4 24. hxg4 hxg4 25. fxg4 Nxg4 26. Nxg4 Bxg4 27. Bxg4 Qg5 28. Be1
Qxg4 29. Qxg4 Rxg4 30. Bxh4 Rxh4 31. Rc7+ Kh8 32. Rxb7 Rg8 33. Rb6 Rhg4 34. Rf2
f3 35. Rxf3 Rxg2+ 36. Kf1 Rg1+ 37. Ke2 R8g2+ 38. Kd3 1/2-1/2

[Event "XXI Weekend B"]
[Site "Ceriano Laghetto ITA"]
[Date "2012.03.??"]
[Round "3"]
[White "Turchi, Alessandro"]
[Black "Casale, Anania"]
[WhiteElo "1697"]
[BlackElo "1725"]
[Result "1-0"]
[PlyCount "103"]
[EventDate "2012.03.23"]

1. d4 Nf6 2. c4 e6 3. Nf3 b6 4. g3 Bb7 5. Bg2 Be7 6. O-O O-O 7. Nc3 d6 8. Qc2
c5 9. dxc5 dxc5 10. Bf4 Qc8 11. Rfd1 Na6 12. a3 Qc6 13. Nh4 Qc8 14. Rd2 Bxg2
15. Nxg2 Rd8 16. Rxd8+ Bxd8 17. Nb5 Qc6 18. f3 Nc7 19. Nd6 Be7 20. Ne4 Rd8 21.
Nc3 h6 22. e4 a6 23. e5 Nh7 24. Ne4 Ng5 25. Bxg5 Bxg5 26. h4 Be7 27. Ne3 Ne8
28. Rd1 f5 29. Rxd8 Bxd8 30. Nd2 g5 31. g4 f4 32. Qg6+ Ng7 33. Nf5 Qc7 34. Nxg7
Qxg7 35. Qe8+ Kh7 36. Qxd8 Qxe5 37. Qe7+ Kh8 38. Qf8+ Kh7 39. Ne4 Qd4+ 40. Nf2
Qxc4 41. hxg5 hxg5 42. Qf7+ Kh8 43. Qh5+ Kg7 44. Qxg5+ Kh7 45. Qf6 Qc1+ 46. Kg2
Qe3 47. g5 Qd4 48. Qh6+ Kg8 49. Qxe6+ Kh7 50. g6+ Kh6 51. Ng4+ Kh5 52. Qf5+ 1-0

[Event "XXI Weekend B"]
[Site "Ceriano Laghetto ITA"]
[Date "2012.03.??"]
[Round "3"]
[White "Veri', Giustino"]
[Black "Pedemonte, Claudio"]
[WhiteElo "1696"]
[BlackElo "1851"]
[Result "1/2-1/2"]
[PlyCount "75"]
[EventDate "2012.03.23"]

1. d4 d5 2. Nf3 c6 3. c4 e6 4. Nc3 Nf6 5. cxd5 exd5 6. Bg5 Be7 7. e3 h6 8. Bh4
Bg4 9. Be2 Nbd7 10. Qc2 O-O 11. h3 Bh5 12. O-O Bg6 13. Bd3 Bxd3 14. Qxd3 Re8
15. Nd2 Ne4 16. Bxe7 Qxe7 17. Ndxe4 dxe4 18. Qc4 Nf6 19. Rac1 Rac8 20. Qb3 Red8
21. Rfd1 g6 22. d5 cxd5 23. Nxd5 Nxd5 24. Rxc8 Rxc8 25. Rxd5 Rc1+ 26. Rd1 Rc8
27. Qd5 b6 28. g3 Kg7 29. Kh2 Rc2 30. Rd2 Rc7 31. Rd4 f5 32. Qb5 h5 33. h4 Kf7
34. a4 Qc5 35. Rd7+ Rxd7 36. Qxd7+ Qe7 37. Qd5+ Kf6 38. Qd4+ 1/2-1/2

[Event "XXI Weekend B"]
[Site "Ceriano Laghetto ITA"]
[Date "2012.03.??"]
[Round "3"]
[White "Visigalli, Cesare"]
[Black "Regorda, Vittorio"]
[WhiteElo "1785"]
[BlackElo "1843"]
[Result "1/2-1/2"]
[PlyCount "81"]
[EventDate "2012.03.23"]

1. Nf3 d5 2. d4 Nf6 3. c4 c6 4. Nc3 a6 5. e3 Bf5 6. Bd3 Bxd3 7. Qxd3 e6 8. c5
Nbd7 9. b4 g6 10. h3 Bg7 11. Bb2 O-O 12. O-O Re8 13. Ne5 Nxe5 14. dxe5 Nd7 15.
f4 b6 16. Na4 bxc5 17. Nxc5 Nxc5 18. bxc5 Bf8 19. Bd4 Qc7 20. Rfb1 Ra7 21. Rb6
Rea8 22. Rab1 Be7 23. R1b3 Bd8 24. Qb1 Qd7 25. Rb7 Rxb7 26. Rxb7 Qc8 27. g4 Bc7
28. Kf2 Rb8 29. Rxb8 Qxb8 30. Qxb8+ Bxb8 31. a4 Kf8 32. Kf3 Bc7 33. e4 dxe4+
34. Kxe4 Kg7 35. f5 h6 36. f6+ Kh7 37. h4 h5 38. gxh5 gxh5 39. Kf4 Kg6 40. Bc3
Bd8 41. Ke4 1/2-1/2

[Event "XXI Weekend B"]
[Site "Ceriano Laghetto ITA"]
[Date "2012.03.??"]
[Round "4"]
[White "Carbone, Lorenzo"]
[Black "Caldarola, Stefano"]
[WhiteElo "1706"]
[BlackElo "1851"]
[Result "0-1"]
[PlyCount "120"]
[EventDate "2012.03.23"]

1. e4 d5 2. exd5 Qxd5 3. Nc3 Qd6 4. d4 Nf6 5. Nf3 c6 6. h3 Bf5 7. Bd3 Bxd3 8.
Qxd3 Nbd7 9. Be3 e6 10. Ng5 Qc7 11. Nge4 Nd5 12. Nxd5 cxd5 13. Nc3 a6 14. O-O
Bd6 15. Rfe1 O-O 16. Ne2 Rfc8 17. c3 b5 18. Qd2 Qb6 19. Bf4 Bf8 20. Qe3 b4 21.
h4 bxc3 22. bxc3 Bd6 23. Reb1 Qc7 24. Bxd6 Qxd6 25. Rb7 Rab8 26. Rab1 Rxb7 27.
Rxb7 Rb8 28. Rxb8+ Qxb8 29. Qd2 Nf6 30. f4 Ne4 31. Qc2 Qb5 32. a4 Qc4 33. Qb2
h6 34. Qc2 Nd6 35. g4 Qc7 36. Kf2 Qe7 37. Kg3 Ne4+ 38. Kh3 Nf2+ 39. Kg3 Ne4+
40. Kh3 Qc7 41. Kg2 Qc4 42. Kf3 Nf6 43. h5 Nd7 44. Ke3 Nb6 45. a5 Qa4 46. Qxa4
Nxa4 47. g5 Nb2 48. Kd2 Nc4+ 49. Kc2 Nxa5 50. Nc1 Nc4 51. Nd3 Nd6 52. Nc5 a5
53. Kb3 Kf8 54. Ka4 Ne4 55. g6 Nxc3+ 56. Kxa5 Ne2 57. Nd3 Nxd4 58. Kb4 Nf5 59.
Kc5 fxg6 60. hxg6 Ke7 0-1

[Event "XXI Weekend B"]
[Site "Ceriano Laghetto ITA"]
[Date "2012.03.??"]
[Round "4"]
[White "Casale, Anania"]
[Black "Brioschi, Camillo"]
[WhiteElo "1725"]
[BlackElo "1839"]
[Result "0-1"]
[PlyCount "131"]
[EventDate "2012.03.23"]

1. d4 Nf6 2. c4 g6 3. Nc3 d5 4. cxd5 Nxd5 5. e4 Nxc3 6. bxc3 Bg7 7. Bc4 c5 8.
Ne2 Nc6 9. Be3 cxd4 10. cxd4 O-O 11. O-O Na5 12. Bd3 Bg4 13. f3 Be6 14. Qa4 a6
15. Rac1 b5 16. Qa3 Nc4 17. Bxc4 Bxc4 18. Rfe1 Bxe2 19. Rxe2 Bxd4 20. Rec2 Qb6
21. Bxd4 Qxd4+ 22. Kh1 Rfd8 23. h3 Rd7 24. Qb3 Rad8 25. Rc5 e6 26. Qa3 Qf2 27.
Rc8 Rd2 28. Rxd8+ Rxd8 29. Qxa6 Rd2 30. Qc8+ Kg7 31. Qc3+ Kh6 32. Rg1 Rxa2 33.
Qe5 Qb2 34. Qg3 e5 35. f4 exf4 36. Qxf4+ Kg7 37. e5 Qf2 38. Qxf2 Rxf2 39. Rb1
Kf8 40. Rxb5 Ke7 41. Kg1 Rd2 42. Kf1 Ke6 43. g4 Rh2 44. Rb3 Kxe5 45. Rf3 f5 46.
gxf5 gxf5 47. Kg1 Ra2 48. Rb3 Kf4 49. Rc3 h5 50. Rd3 h4 51. Kf1 Rh2 52. Rc3 Rd2
53. Ke1 Rg2 54. Kf1 Rg3 55. Rc4+ Kg5 56. Kf2 Rxh3 57. Kg2 Re3 58. Rc8 h3+ 59.
Kh2 Kf4 60. Rh8 Ke4 61. Re8+ Kf3 62. Rf8 f4 63. Kxh3 Kf2+ 64. Kh4 f3 65. Rh8
Re4+ 66. Kg5 0-1

[Event "XXI Weekend B"]
[Site "Ceriano Laghetto ITA"]
[Date "2012.03.??"]
[Round "4"]
[White "Coppola, Federico"]
[Black "Arruzza, Francesco"]
[WhiteElo "1825"]
[BlackElo "1830"]
[Result "1-0"]
[PlyCount "85"]
[EventDate "2012.03.23"]

1. e4 Nf6 2. e5 Nd5 3. c4 Nb6 4. d4 d6 5. f4 dxe5 6. fxe5 Nc6 7. Be3 Bf5 8. Nc3
e6 9. Nf3 Qd7 10. Qd2 O-O-O 11. Be2 Bg4 12. Rd1 Bxf3 13. gxf3 Be7 14. O-O f6
15. f4 fxe5 16. fxe5 Rhf8 17. Rxf8 Rxf8 18. Rf1 Rxf1+ 19. Bxf1 Qe8 20. Bh3 Qg6+
21. Qg2 Qxg2+ 22. Kxg2 Kd7 23. b3 Bb4 24. Nd5 Nxd5 25. cxd5 Nd8 26. dxe6+ Ke8
27. d5 h6 28. Kf3 Ke7 29. Bxa7 g5 30. Be3 Bc3 31. Ke4 b6 32. Bd4 Bd2 33. Be3
Bc3 34. Bc1 Nb7 35. Ba3+ Nc5+ 36. Kf5 Bd4 37. Bg4 Bc3 38. b4 Nd3 39. b5+ Nc5
40. h3 Bd4 41. Bb4 Kd8 42. d6 cxd6 43. exd6 1-0